Open Data Biblioteca Nacional de Portugal


República Portuguesa: Ministério da Cultura
Biblioteca Nacional de Portugal

Catálogo da BNP: acesso por Identificadores Unívocos
Registos Bibliográficos associados ao registo de autoridade

Etiqueta de registo: 00000nam 2200025 450
001 2284172
003 http://id.bnportugal.gov.pt/bib/catbnp/2284172
100 ## $a20260413d2025 k y0pory01030103ba
101 0# $aeng$dpor
102 ## $aPT
105 ## $aa m 000yy
106 ## $ar
200 1# $aLow back pain - the role of swimming and water aerobics in reducing pain, improving quality of life, and enhancing physical performance$fInês Raquel Alves Baptista$gorient. Tiago Atalaia
210 #9 $aLisboa$c[s.n.],$d2025
215 ## $a164 p.$cil.$d30 cm
328 #1 $aTese dout. Educação Física e Desporto (Atividade Física e Saúde), Faculdade de Educação Física e Desporto, Universidade Lusófona, 2025
700 #1 $aBaptista,$bInês Raquel Alves$31995442
702 #1 $aAtalaia,$bTiago João Viegas$4727$31646460
801 #0 $aPT$bBN$gRPC
966 ## $lBN$mFGMON$x1
971 ## $corlando$d20260413

OpendataBNP@bnportugal.pt | Mais informação sobre acesso aos dados BNP